000 00910nam a2200265Ia 4500
003 OSt
005 20221005111140.0
006 a|||||r|||| 00| 0
007 ta
008 221004b |||||||| |||| 00| 0 hin d
020 _c150
024 _a115727
037 _b370, 17/02/2011, Vani Parkashan
_cTextual
040 _aCRL
_cCRL
_bhin
041 _2hin
_ahin
082 _aO152,2N23,EA, P4
100 _aतनवीर, हबीब
245 0 _aएक असैरत हिपेशिया भी थी
246 _aEk asairat hipeshiyā bhī thī
260 _aनई दिल्ली
_bवाणी प्रकाशन भारत
_c2004
300 _a87पृ0
_ccm.
650 _aहिन्दी साहित्य
942 _hO152,2N23,EA, P4
_cTEXL
_2cc
999 _c1020960
_d1020960